MARC

LEADER 00000nam0a2200000 4500
001 257742
005 20231101233231.0
010 |a 5020138177 
035 |a (RuTPU)RU\TPU\book\280559 
090 |a 257742 
100 |a 20140418d1988 k y0rusy50 ca 
101 0 |a rus 
102 |a RU 
105 |a a z 001zy 
200 1 |a Метод фазовых функций в квантовой механике  |f В. В. Бабиков 
205 |a 3-е изд., испр. 
210 |a Москва  |c Наука  |d 1988 
215 |a 256 с.  |c ил. 
320 |a Библиогр.: с. 250-256. 
606 1 |a Квантовая механика  |2 stltpush  |3 (RuTPU)RU\TPU\subj\14211  |9 40667 
610 1 |a функции 
610 1 |a одноканальное рассеяние 
610 1 |a частицы 
610 1 |a приближенные методы 
610 1 |a математические приложения 
675 |a 530.145.6  |v 3 
700 1 |a Бабиков  |b В. В.  |g Владимир Васильевич 
801 1 |a RU  |b 63413507  |c 20140418 
801 2 |a RU  |b 63413507  |c 20141003  |g RCR 
942 |c BK